000 00926nam a2200253Ia 4500
003 OSt
005 20221005113343.0
006 a|||||r|||| 00| 0
007 ta
008 221004b |||||||| |||| 00| 0 pan d
020 _a8173805636 (hbk)
_c140
024 _a26539
037 _b985, 16/12/2015, H.K. Prakashan
_cTextual
040 _aCRL
_cCRL
_bpan
041 _2pan
_apan
082 _aQ8441xK66, 153Q5
100 _aਨੂਰ, ਨਿਰੰਜਨ ਸਿੰਘ, ੳਗ.
245 0 _aਗੁਰੂ ਗੋਬਿੰਦ ਸਿੰਘ ਜੀ ਰਚਿਤ ਗ਼ਖ਼ਰਨਾਮਾ
260 _aਪਟਿਆਲਾ
_bੁਪਬਲੀਕੇFਨ ਬਿਊਰੋ ਭਾਰਤ
_c2015
300 _a86ਪੰ
_ccm.
650 _aਧਰਮ
942 _hQ8441xK66, 153Q5
_cTEXL
_2cc
999 _c1027881
_d1027881